خريدة القصر وجريدة العصر : (Record no. 29073)
[ view plain ]
| 000 -الفاتح | |
|---|---|
| حقل البيانات ثابتة الطول | 01545nam a22003257a 4500 |
| 003 - محدد رقم الضبط | |
| رقم الضبط | EG-ScBUE |
| 005 - وقت وتاريخ اخر تعامل مع التسجيلة | |
| رقم الضبط | 20210220112823.0 |
| 008 - عناصر البيانات ثابتة الطول - معلومات عامة | |
| حقل البيانات ثابتة الطول | 090715s1999 ir f 000 0 ara d |
| 020 ## - الرقم الدولى المعيارى للكتب | |
| الرقم الدولى المعيارى للكتاب | 9646781004 (vol. 1) |
| 020 ## - الرقم الدولى المعيارى للكتب | |
| الرقم الدولى المعيارى للكتاب | 9646781020 (vol. 2) |
| 020 ## - الرقم الدولى المعيارى للكتب | |
| الرقم الدولى المعيارى للكتاب | 9646781217 (vol. 3) |
| 020 ## - الرقم الدولى المعيارى للكتب | |
| الرقم الدولى المعيارى للكتاب | 9646781071 (3 vol. set) |
| 040 ## - مصدر الفهرسة | |
| وكالة الفهرسة الأصلية | EG-ScBUE |
| لغة الفهرسة | ara |
| قواعد الوصف | rda |
| وكالة النسخ | EG-ScBUE |
| وكالة التعديل | EG-ScBUE |
| 082 04 - رقم تصنيف ديوى العشرى | |
| رقم التصنيف | 892.71009 |
| رقم المادة | ع م ا |
| رقم الطبعة | 22 |
| 100 1# - المدخل الرئيسى - إسم شخصى | |
| 9 (RLIN) | 8030 |
| الإسم الشخصى | عماد الدين الكاتب، محمد بن محمد،، |
| التواريخ المصاحبة للاسم | 519-597 هـ.، |
| الدور | مؤلف. |
| 245 10 - بيان العنوان | |
| العنوان | خريدة القصر وجريدة العصر : |
| بقية العنوان | قسم شعراء بلاد العجم / |
| بيان المسئوليه,etc | تأليف عماد الدين الأصبهاني المتوفى 597 هـ. ؛ تقديم وتحقيق الدكتور عدنان محمد آل طعمة. |
| 250 ## - بيان الطبعة | |
| بيان الطبعة | الطبعة الأولى. |
| 264 #1 - النشر، التوزيع | |
| مكان الناشر او الموزع | طهران : |
| اسم الناشر او الموزع | مرآة التراث، |
| تاريخ النشر أو التوزيع | 1999. |
| 300 ## - الوصف المادى | |
| التعداد | 3 مجلد ؛ |
| أبعاد الوعاء | 24 سم |
| 336 ## - نوع المحتوى | |
| source | rdacontent |
| Carrier Type Term | نص |
| Content Type Code | txt |
| 337 ## - نوع الوسيط | |
| source | rdamedia |
| Media Type Term | بدون وسيط |
| Media Type Code | n |
| 338 ## - نوع الحامل أو الناقل | |
| source | rdacarrier |
| Carrier Type Term | مجلد |
| Carrier Type Code | nc |
| 505 00 - تبصرة محتويات-الفهرس | |
| تبصرة المحتويات المصاغة | المجلد السابع. في ذكر فضلاء أهل أصفهان -- المجلد الثامن. في ذكر فضلاء أهل خراسان وهراة -- المجلد التاسع. في ذكر فضلاء أهل فارس. |
| 650 #7 - المدخل الاضافى بالموضوع-مصطلح موضوعى | |
| 9 (RLIN) | 8043 |
| مصطلح موضوعي أو اسم جغرافي كعنصر مدخل | الشعر العربي |
| التقسيم الفرعي الشكلي | تاريخ ونقد. |
| مصدر الرأس أو المصطلح | BUEsh |
| 651 ## - المدخل الاضافى بالموضوع - اسم جغرافى | |
| مصدر الرأس أو المصطلح | BUEsh |
| 653 ## - مصطلح تكشيفى غير مقيد | |
| Resource For college | Arabic Literature |
| Arrived date list | February2021 |
| 655 ## - مصطلح تكشيفى-نوع/شكل | |
| التقسيم الفرعي الشكلي | Reading book |
| -- | 34232 |
| 700 1# - المدخل الاضافى - اسم شخصى | |
| الإسم الشخصى | آل طعمة، عدنان محمد، |
| الدور | مقدم. |
| 942 ## - عناصر المدخل الإضافي( كوها) | |
| مصدر التصنيف او مخطط الترفيف | Dewey Decimal Classification |
| Koha [default] item type | Book - Borrowing |
| حالة التراجع | حالة الفقد | مصدر التصنيف او خطة الترفيف | حالة تلف | ليس للاعارة | مجموعات كوها | المكان الدائم | المكان الحالي | موقع الترفيف | تاريخ الاكتساب | Source of acquisition | رقم الاستدعاء | الباركود | Date last seen | نوع الوعاء | تبصرة عامة |
|---|---|---|---|---|---|---|---|---|---|---|---|---|---|---|---|
| Dewey Decimal Classification | Baccah | Central Library | Central Library | Second Floor | 20/02/2021 | Purchase | 892.71009 ع م ا | 000017510 | 15/07/2025 | Book - Borrowing | المجلد التاسع | ||||
| Dewey Decimal Classification | Baccah | Central Library | Central Library | Second Floor | 20/02/2021 | Purchase | 892.71009 ع م ا | 000017509 | 15/07/2025 | Book - Borrowing | المجلد الثامن | ||||
| Dewey Decimal Classification | Baccah | Central Library | Central Library | Second Floor | 20/02/2021 | Purchase | 892.71009 ع م ا | 000017508 | 15/07/2025 | Book - Borrowing | المجلد السابع |